Tilastot visalle Valtiot kuusikulmioissa maailmankartalla

Klikkaa tästä pelataksesi tätä visaa!

Yleistilastot

  • Tätä visaa on pelattu 536 kertaa
  • Keskiarvotulos 124 / 144

Vastaukset kartalla

Vastauksille on annettu kartalla punavihreä väri sen mukaan, kuinka moni on saanut sen oikein.
Ladataan ...
 

Vastaustilastot

Valtiot% Oikein
Suomi | Norja | Venäjä
99%
Viro | Suomi | Latvia | Norja | Venäjä | Ruotsi
99%
Valko-Venäjä | Viro | Suomi | Latvia | Venäjä | Ukraina
99%
Afganistan | Armenia | Azerbaidžan | Georgia | Iran | Irak | Kazakstan | Venäjä | Turkki | Turkmenistan | Uzbekistan
98%
Armenia | Azerbaidžan | Bulgaria | Georgia | Iran | Moldova | Romania | Venäjä | Turkki | Ukraina
98%
Kiina | Japani | Pohjois-Korea | Venäjä | Etelä-Korea
97%
Kiina | Mongolia | Venäjä
97%
Itävalta | Valko-Venäjä | Bosnia ja Hertsegovina | Kroatia | Tšekki | Saksa | Unkari | Italia | Latvia | Liettua | Moldova | Puola | Romania | Venäjä | Serbia | Slovakia | Slovenia | Ruotsi | Ukraina
97%
Kiina | Kazakstan | Mongolia | Venäjä
97%
Antigua ja Barbuda | Bahama | Barbados | Kolumbia | Kuuba | Dominica | Dominikaaninen tasavalta | Ranska | Grenada | Haiti | Jamaika | Alankomaat | Saint Kitts ja Nevis | Saint Lucia | Saint Vincent ja Grenadiinit | Trinidad ja Tobago | Yhdysvallat | Venezuela
97%
Kanada | Tanska
97%
Kiina | Japani | Venäjä
97%
Bahama | Belize | Kuuba | Guatemala | Jamaika | Meksiko | Yhdysvallat
97%
Kazakstan | Venäjä | Uzbekistan
97%
Kanada
97%
Kanada | Yhdysvallat
97%
Kazakstan | Venäjä
97%
Venäjä
96%
Meksiko | Yhdysvallat
96%
Mongolia | Venäjä
96%
Afganistan | Kiina | Intia | Iran | Nepal | Pakistan | Tadžikistan | Turkmenistan | Uzbekistan
95%
Bangladesh | Bhutan | Kiina | Intia | Myanmar | Nepal
95%
Yhdysvallat
95%
Argentiina | Brasilia | Paraguay | Uruguay
95%
Brasilia | Kolumbia | Guyana | Peru | Suriname | Trinidad ja Tobago | Venezuela
95%
Bolivia | Brasilia | Kolumbia | Peru
95%
Argentiina | Bolivia | Brasilia | Chile | Paraguay | Peru
95%
Brasilia | Ranska | Suriname
95%
Kambodža | Kiina | Laos | Myanmar | Thaimaa | Vietnam
94%
Argentiina | Chile | Yhdistynyt kuningaskunta
94%
Afganistan | Kiina | Kazakstan | Kirgisia | Tadžikistan | Turkmenistan | Uzbekistan
94%
Andorra | Itävalta | Belgia | Ranska | Saksa | Italia | Liechtenstein | Luxemburg | Monaco | San Marino | Espanja | Sveitsi | Yhdistynyt kuningaskunta | Vatikaanivaltio
94%
Belize | Kolumbia | Costa Rica | El Salvador | Guatemala | Honduras | Meksiko | Nicaragua | Panama | Venezuela
93%
Kiina | Mongolia
93%
Brasilia
93%
Kiina | Filippiinit | Taiwan
93%
Belgia | Tanska | Saksa | Alankomaat | Norja | Ruotsi | Yhdistynyt kuningaskunta
93%
Bolivia | Brasilia
93%
Kiina | Myanmar
93%
Argentiina | Chile | Uruguay
92%
Intia | Indonesia | Myanmar | Sri Lanka | Thaimaa
92%
Australia | Itä-Timor | Indonesia
91%
Australia | Indonesia | Papua-Uusi-Guinea
91%
Guatemala | Meksiko
91%
Algeria | Libya | Marokko | Espanja | Tunisia
91%
Intia | Malediivit | Sri Lanka
91%
Algeria | Mali | Mauritania | Marokko | Espanja
90%
Algeria | Tšad | Egypti | Libya | Niger | Sudan
90%
Intia | Pakistan
89%
Djibouti | Egypti | Eritrea | Etiopia | Saudi-Arabia | Somalia | Etelä-Sudan | Sudan | Jemen
89%
Australia | Uusi-Seelanti
89%
Australia
89%
Albania | Bosnia ja Hertsegovina | Bulgaria | Kroatia | Egypti | Kreikka | Italia | Kosovo | Libya | Malta | Montenegro | Pohjois-Makedonia | Romania | Serbia | Tunisia | Turkki
89%
Komorit | Kongon demokraattinen tasavalta | Ranska | Kenia | Malawi | Mosambik | Tansania | Sambia
88%
Tanska | Islanti
88%
Kypros | Egypti | Iran | Irak | Israel | Jordania | Kuwait | Libanon | Saudi-Arabia | Syyria | Turkki
87%
Marokko | Portugali | Espanja
87%
Botswana | Swazimaa | Madagaskar | Malawi | Mosambik | Etelä-Afrikka | Zimbabwe
86%
Kamerun | Keski-Afrikan tasavalta | Tšad | Kongon demokraattinen tasavalta | Niger | Nigeria | Etelä-Sudan | Sudan
85%
Ranska | Madagaskar | Mauritius
85%
Kongon demokraattinen tasavalta | Etiopia | Kenia | Somalia | Etelä-Sudan | Sudan | Tansania | Uganda
85%
Afganistan | Bahrain | Iran | Kuwait | Oman | Pakistan | Qatar | Saudi-Arabia | Yhdistyneet arabiemiirikunnat | Jemen
84%
Botswana | Lesotho | Namibia | Etelä-Afrikka
84%
Angola | Botswana | Kongon demokraattinen tasavalta | Mosambik | Namibia | Sambia | Zimbabwe
84%
Kolumbia | Ecuador | Peru
83%
Brunei | Kambodža | Indonesia | Malesia | Singapore | Thaimaa | Vietnam
83%
Angola | Burundi | Kamerun | Keski-Afrikan tasavalta | Kongon demokraattinen tasavalta | Gabon | Kongon tasavalta | Ruanda | Tansania | Uganda
82%
Tanska
82%
Mikronesia | Indonesia | Palau
81%
Algeria | Benin | Burkina Faso | Ghana | Mali | Mauritania | Niger | Nigeria | Togo
79%
Irlanti | Yhdistynyt kuningaskunta
78%
Itä-Timor | Indonesia
78%
Indonesia
77%
Peru
74%
Etiopia | Oman | Somalia | Jemen
73%
Burkina Faso | Kap Verde | Gambia | Guinea | Guinea-Bissau | Norsunluurannikko | Liberia | Mali | Mauritania | Senegal | Sierra Leone
72%
Japani
71%
Fidži | Ranska | Tonga | Vanuatu
71%
Benin | Burkina Faso | Kamerun | Päiväntasaajan Guinea | Gabon | Ghana | Norsunluurannikko | Liberia | Nigeria | São Tomé ja Príncipe | Togo
71%
Malesia | Palau | Filippiinit
68%
Ranska | Salomonsaaret | Vanuatu
67%
Uusi-Seelanti
65%
Chile
65%
Fidži | Kiribati | Salomonsaaret | Tuvalu | Vanuatu
63%
Mikronesia | Nauru | Papua-Uusi-Guinea | Salomonsaaret
61%
Kiribati | Marshallinsaaret
58%
Kiribati
55%
Mikronesia | Marshallinsaaret
48%
Samoa | Tonga
39%
Portugali
37%
Kap Verde
36%
Seychellit
32%
Angola
30%
Marshallinsaaret
26%

Tulosjakauma

Persentiili vastausten määrän mukaan

Jokaisen tuloksen saaneiden osuus

Tuloshistoriasi

Et ole pelannut tätä visaa